000 01703nam a22004457a 4500
003 CHAP
005 20220329143328.0
008 080820s2007vi mx a r 00010 spa d
010 _a95050
011 _a96022
035 _a106661
040 _cCHAP
090 _aTesis
100 1 _aMadrid Obando, Krystian Paulino
_969706
245 1 0 _aEstudio agroeconómico del uso de bajas temperaturas en cucurbitáceas
_c/por Krystian Paulino Madrid Obando
260 _aChapingo, Méx. :
_bEl autor,
_c2007
300 _axiii, 72 h. :
_bgráfs. ; cuadros
502 _aTesis (Ing. Agr. Esp. en Fitotecnia) -- UACH. Departamento de Fitotecnia
530 _aTambién disponible en línea
590 _aALEPH
_b10
_c20130110
_lUCH01
_h1523
590 _aBATCH-UPD
_b10
_c20130110
_lUCH01
_h0552
590 _aBATCH-UPD
_b10
_c20130410
_lUCH01
_h0234
590 _aBATCH-UPD
_b10
_c20130914
_lUCH01
_h0815
590 _aBATCH-UPD
_b10
_c20140324
_lUCH01
_h1507
590 _aBATCH-UPD
_b10
_c20141002
_lUCH01
_h0836
590 _aCONVERSION
_b10
_c20130109
_lUCH01
_h1353
650 1 4 _aCalabaza
_xCalidad.
_917263
650 1 4 _aCalabaza
_xRendimiento.
_917294
650 1 4 _aMacroeconomía.
_969550
650 1 4 _aMéxico (Edo.)
_xCondiciones económicas.
_976824
650 1 4 _aPepino
_xCalidad.
_986897
650 1 4 _aPepino
_xRendimiento.
_986928
650 1 4 _aTemperatura baja.
_9112233
650 1 4 _aTemperatura
_xEfecto en semillas.
_9112222
856 _3Finding aid
_uhttp://10.13.5.2/tesis/106661.pdf
_zTeclea aqui
901 _aBK
942 _cFOLL
949 _aTesis
_bBC
_cTES
_d33724002072603
_eTS2
_fc.2
_gDonaciØn
_h47843
_i106661
_si
949 _aTesis
_bBC
_cTES
_d33724002072644
_eTS1
_gDonaciØn
_h47842
_i106661
_sb
999 _c95050
_d95050